The law and economics of framework agreements : designing flexible solutions for public procurement

Framework agreements have arisen in response to the well documented and high costs of public procurement procedures. The agreements have significant potential to improve procedural efficiency in public procurement, but are complex to operate. Inadequate preparation and implementation can also frustr...

全面介紹

Đã lưu trong:
書目詳細資料
主要作者: Albano, Gian Luigi
格式: 圖書
語言:Undetermined
出版: Cambridge, United Kingdom,Cambridge, United Kingdom Cambridge University Press 2016
主題:
標簽: 添加標簽
沒有標簽, 成為第一個標記此記錄!
Thư viện lưu trữ: Trung tâm Học liệu Trường Đại học Cần Thơ
LEADER 01582nam a2200205Ia 4500
001 CTU_224498
008 210402s9999 xx 000 0 und d
082 |a 342.066 
082 |b A326 
100 |a Albano, Gian Luigi 
245 4 |a The law and economics of framework agreements : 
245 0 |b designing flexible solutions for public procurement 
245 0 |c Gian Luigi Albano, Caroline Nicholas. 
260 |a Cambridge, United Kingdom,Cambridge, United Kingdom 
260 |b Cambridge University Press 
260 |c 2016 
520 |a Framework agreements have arisen in response to the well documented and high costs of public procurement procedures. The agreements have significant potential to improve procedural efficiency in public procurement, but are complex to operate. Inadequate preparation and implementation can also frustrate their potential both to tackle waste, abuse and corruption and to enhance value for money. In this enlightening book, Gian Luigi Albano and Caroline Nicholas look at the key decisions required for designing and using framework agreements and address both legal and economic issues to give the reader a clear understanding of the planning, variables and flexibility needed for efficient implementation. This book will be of interest to policy makers, lawyers and public procurement practitioners who want to deepen their understanding of the legal and economic issues surrounding framework agreements. 
650 |a Public contracts,Hành chính công 
910 |b vdbang 
980 |a Trung tâm Học liệu Trường Đại học Cần Thơ